Normal view
MARC view
- ابوبلان ، حفظي احمد واخرون
Entry Personal Name
001 - CONTROL NUMBER
- control field: 40489
003 - CONTROL NUMBER IDENTIFIER
- control field: JO-AjAnu
005 - DATE AND TIME OF LATEST TRANSACTION
- control field: 20230606080726.0
008 - FIXED-LENGTH DATA ELEMENTS
- fixed length control field: 230606|| aca||aabn | a|a d
040 ## - CATALOGING SOURCE
- Original cataloging agency: JO-AjAnu
- Transcribing agency: JO-AjAnu
100 ## - HEADING--PERSONAL NAME
- Personal name: ابوبلان ، حفظي احمد واخرون
670 ## - SOURCE DATA FOUND
- Source citation: Work cat.: (JO-AjAnu)20755: ابوبلان ، حفظي احمد واخرون, author, امراض النبات العملي